Noord-Holland Trivia Quiz - Statistieken

Algemene statistieken
  • Deze quiz is 1.247 keer genomen
  • De gemiddelde score is 13 van 21
Antwoordstatistieken
Hint Antwoord % Correct
Aangrenzende provincies Zuid-Holland
98%
Op-twee-na-grootste luchthaven van Europa Schiphol
96%
Aangrenzende provincies over dijken Friesland
95%
Waddeneiland Texel
95%
Aangrenzende provincies Utrecht
95%
Hoofdstad Haarlem
94%
Aangrenzende provincies over dijken Flevoland
92%
Bijzonder aan deze luchthaven is dat hij onder _______ ligt zeeniveau
86%
Namen van bovenstaande dijken Afsluitdijk
84%
Voetbalstadion gelegen naast bovenstaande wijk Amsterdam ArenA
73%
Dorp waar het muziekgenre palingsound vandaan komt Volendam
66%
Buurt van Amsterdam traditioneel gekenmerkt door hoogbouwflats in honingraatstructuur Bijlmer
63%
Stad met een marinebasis Den Helder
61%
Kanaal dat door Amsterdam loopt richting de Noordzee IJ
55%
Rijexamens in deze stad zijn populair omdat er geen _______ in de buurt is snelweg
43%
Voormalig eiland voor de kust van bovenstaand dorp Marken
31%
Regio rondom Hoorn, Enkhuizen, Medemblik en Schagen West-Friesland
29%
Vliegtuigmaatschappij van wie een vrachtvliegtuig op 4 oktober 1992 in bovenstaande wijk neerstortte, wat aan 43 mensen het leven kostte El Al
25%
Dorp vernoemd naar de vrouw van Willem II Anna Paulowna
23%
Namen van bovenstaande dijken Houtribdijk
18%
Dorp dat vroeger op de plaats van deze luchthaven lag Het Rijk
6%
Geen overeenkomende quizzen gevonden
Scoreverdeling
Procent van Mensen met Elke Score
Percentiel versus Aantal Correcte Antwoorden
Uw Scoregeschiedenis
U heeft deze quiz nog niet genomen